000 00333 a2200157 4500
001 158908
020 _a
040 _cMagnum
100 _aOliveira Lima
240 1 0 _aHistoria universal v.3
_lpor
245 1 0 _aHistoria universal v.3
362 0 _a1899
440 1 _aMelhoramentos
697 _aMAGNITO: COLECAO
942 _cBK
999 _c158908
_d158908